| 000 | 004250000a22001690004500 | ||
|---|---|---|---|
| 001 | 542 | ||
| 003 | CO-MdFUSB | ||
| 005 | 20170519182016.0 | ||
| 008 | 170519b xxu||||| |||| 00| 0 eng d | ||
| 020 | _a958-04-1270--7 | ||
| 040 | _cCO-MdBIC | ||
| 082 | 0 | 4 | _a863C P247ci |
| 245 | 1 | 0 | _aLa ciudad / Dirección : Josep Maª Parramon il.: Maria Rius |
| 260 | _aBogotá : Norma | ||
| 650 | 1 | 4 | _aLiteratura Infantil |
| 942 | _cLGB | ||
| 999 |
_c47753 _d47753 |
||